Catálogo
 En Linea

Isabel II : (Registro nro. 46093)

Detalles MARC
000 -CABECERA
campo de control de longitud fija 00777nam a2200217 u 4500
001 - NÚMERO DE CONTROL
campo de control 000046604
005 - FECHA Y HORA DE LA ÚLTIMA TRANSACCIÓN
campo de control 20201002053008.0
008 - DATOS DE LONGITUD FIJA--INFORMACIÓN GENERAL
campo de control de longitud fija 170125s2010 sp c r 000 0 spa d
020 ## - NÚMERO INTERNACIONAL ESTÁNDAR DEL LIBRO
Número Internacional Estándar del Libro 9788430607952
040 ## - FUENTE DE LA CATALOGACIÓN
Centro catalogador/agencia de origen DO-SdBNP
Lengua de catalogación spa
Centro/agencia transcriptor BNPHU
082 ## - NÚMERO DE LA CLASIFICACIÓN DECIMAL DEWEY
Número de clasificación 923.1
Número de documento/Ítem I74B
100 1# - ENTRADA PRINCIPAL--NOMBRE DE PERSONA
Nombre de persona Burdiel, Isabel
Fechas asociadas al nombre 1958-
9 (RLIN) 74592
245 10 - MENCIÓN DE TÍTULO
Título Isabel II :
Resto del título una biografía (1830-1904) /
Mención de responsabilidad, etc. Isabel Burdiel.
260 ## - PUBLICACIÓN, DISTRIBUCIÓN, ETC.
Lugar de publicación, distribución, etc. Madrid :
Nombre del editor, distribuidor, etc. Santillana,
Fecha de publicación, distribución, etc. 2010.
300 ## - DESCRIPCIÓN FÍSICA
Extensión 943 p., [28] p. de lám. ;
Dimensiones 25 cm.
490 1# - MENCIÓN DE SERIE
Mención de serie Memorias y biografías /Taurus
500 ## - NOTA GENERAL
Nota general Índice onomástico
600 14 - PUNTO DE ACCESO ADICIONAL DE MATERIA--NOMBRE DE PERSONA
Nombre de persona ISABEL
Numeración II,
Títulos y otros términos asociados al nombre REINA DE ESPAÑA
Fechas asociadas al nombre 1833-1904.
Subdivisión de forma BIOGRAFÍAS
9 (RLIN) 74593
600 14 - PUNTO DE ACCESO ADICIONAL DE MATERIA--NOMBRE DE PERSONA
Nombre de persona ISABEL
Numeración II
Títulos y otros términos asociados al nombre LA CATÓLICA, REINA DE ESPAÑA,
Fechas asociadas al nombre 1451-1504
Subdivisión de forma BIOGRAFÍAS
9 (RLIN) 74594
830 #0 - PUNTO DE ACCESO ADICIONAL DE SERIE-TÍTULO UNIFORME
Título uniforme Memorias y biografías /Taurus
9 (RLIN) 74595
Existencias
Estado de retiro Estado de pérdida Restricciones de uso No para préstamo Código de colección Localización permanente Ubicación/localización actual Ubicación en estantería Fecha de adquisición Número de inventario Total de préstamos Signatura topográfica completa Código de barras Fecha visto por última vez Precio válido a partir de Tipo de ítem Koha
    Préstamo interno   Monografías: Libros y Folletos General General En catalogación 25.01.2017 LF1   923.1 I74B 46604-10 25.06.2020 25.06.2020 Préstamo interno

Con tecnología Koha